000 00972nam a2200313 i 4500
001 622
003 KOSZ 005
005 20220824101118.0
008 020509s1977 pl a |001 0 pol
015 _aPB 1977/7746
035 _a(OCoLC)830312468
040 _aWA N
_cWA N
_dKOSZ 005/EG
041 0 _apol
046 _k1977
080 _a624.131
080 _a(075.8)
100 1 _aGlazer, Zygmunt
_d(1922-2011)
_eAutor
245 1 0 _aMechanika gruntów /
_cZygmunt Glazer.
260 _aWarszawa :
_bWydawnictwa Geologiczne,
_c1977.
300 _a251, [1] s. :
_bil., tab., wykr. ;
_c25 cm.
380 _aKsiążki.
504 _aBibliogr. Indeks.
658 _aInżynieria i technika
655 4 _aPodręczniki akademickie
650 4 _aMechanika gruntów
710 2 _aWydawnictwa Geologiczne
_4pbl.
856 _uhttp://koha.tu.koszalin.pl/cgi-bin/koha/opac-detail.pl?biblionumber=622
_yKatalog online BPK
942 _2UKD
_cKS
999 _c622
_d622